000 00770nam a2200217 a 4500
001 000012673
005 20240530073915.0
008 091116s1996 dr 000 f spa d
040 _aDO-SdBNP
_bspa
_cBNPHU
082 _aRD863.44
_bP644d
100 1 _aPimentel Arias, Juan,
_d1920-
_929449
245 1 0 _aDos amigos y un infierno /
_cJuan Pimentel Arias ; prólogo Alida Báez de Pimentel ; edición Miguel A. Holguín-Veras.
260 _aSanto Domingo :
_bScarlet,
_c1996.
300 _a126 p. ;
_c21 p.
650 0 _aNovela dominicana
_9223
650 0 _aLiteratura dominicana.
_967
700 1 _aBáez Pimentel, Alida de,
_epról.
_929450
700 1 _aHolguín Veras, Miguel A.,
_d1927-2007
_913921
910 _aValidado. Control de calidad BNPHU.
049 _aBNPD
999 _c12324
_d12324